Normal view
MARC view
- Parvez, Capt Muhammad
Entry Personal Name
001 - CONTROL NUMBER
- control field: 131148
003 - CONTROL NUMBER IDENTIFIER
- control field: NUST
005 - DATE AND TIME OF LATEST TRANSACTION
- control field: 20251015124657.0
008 - FIXED-LENGTH DATA ELEMENTS
- fixed length control field: 251015|| aca||aabn | a|a d
040 ## - CATALOGING SOURCE
- Original cataloging agency: NUST
- Transcribing agency: NUST
100 ## - HEADING--PERSONAL NAME
- Personal name: Parvez, Capt Muhammad
670 ## - SOURCE DATA FOUND
- Source citation: Work cat.: (NUST)181972: Parvez, Capt Muhammad, ECCM techniques /, 1987
